书目信息 |
| 题名: |
人民币可以说“不”
|
|
| 作者: | 桐川 编著 | |
| 分册: | ||
| 出版信息: | 北京 中国城市出版社 1998 |
|
| 页数: | 383页 | |
| 开本: | 20cm | |
| 丛书名: | ||
| 单 册: | ||
| 中图分类: | F832.0 | |
| 科图分类: | 29.7512 | |
| 主题词: | 金融政策--研究--中国 | |
| 电子资源: | ||
| ISBN: | 7-5074-1031-5 | |
| 000 | 00594nam0 2200217 45 | |
| 001 | 0198056512 | |
| 005 | 20070729094411.53 | |
| 010 | @a7-5074-1031-5@dCNY19.60 | |
| 100 | @a19981104d1998 kemy0chiy0121 ea | |
| 101 | 0 | @achi |
| 102 | @aCN@b110000 | |
| 105 | @ay z 000yy | |
| 200 | 1 | @a人民币可以说“不”@Aren min bi ke yi shuo “ bu ”@f桐川编著 |
| 210 | @a北京@c中国城市出版社@d1998 | |
| 215 | @a383页@d20cm | |
| 606 | @a金融政策@x研究@y中国 | |
| 690 | @aF832.0@v4 | |
| 692 | @a29.7512@v2 | |
| 701 | 0 | @a桐川@Atong chuan@4编著 |
| 801 | 0 | @aCN@bWHC@c20070729 |
| 905 | @a10447@dF832.0@e55 | |
| 人民币可以说“不”/桐川编著.-北京:中国城市出版社,1998 |
| 383页;20cm |
| ISBN 7-5074-1031-5:CNY19.60 |
| ● |
| 相关链接 |
|
|
|
|
正题名:人民币可以说"不"
索取号:F832.0/55
 
预约/预借
| 序号 | 登录号 | 条形码 | 馆藏地/架位号 | 状态 | 备注 |
| 1 | 0784662 | 207846624 | 第一样本阅览室/ [索取号:F832.0/55] | 在馆 | |
| 2 | 0784929 | 207849293 | 第一借阅区/ [索取号:F832.0/55] | 在馆 |